Architectural styles : an historical guide to world design (Record no. 84338)

MARC details
000 -LEADER
fixed length control field 01588nam a2200253 a 4500
008 - FIXED-LENGTH DATA ELEMENTS--GENERAL INFORMATION
fixed length control field 060424s1981 ||||||||||||||||| || u
020 ## - INTERNATIONAL STANDARD BOOK NUMBER
International Standard Book Number 0871966808
020 ## - INTERNATIONAL STANDARD BOOK NUMBER
International Standard Book Number 0871967847
050 ## - LIBRARY OF CONGRESS CALL NUMBER
Classification number NA 204 Pot
100 ## - MAIN ENTRY--PERSONAL NAME
Personal name Pothorn, Herbert, 1911-
245 10 - TITLE STATEMENT
Title Architectural styles : an historical guide to world design
260 ## - PUBLICATION, DISTRIBUTION, ETC.
Place of publication, distribution, etc. New York :
Name of publisher, distributor, etc. Facts on File
Date of publication, distribution, etc. 1981
300 ## - PHYSICAL DESCRIPTION
Extent 253 p. : ill.
350 ## -
-- 0.00
650 ## - SUBJECT ADDED ENTRY--TOPICAL TERM
Topical term or geographic name entry element DECORATION AND ORNAMENT, ARCHITECTURE
650 ## - SUBJECT ADDED ENTRY--TOPICAL TERM
Topical term or geographic name entry element TEXTBOOKS
995 ## -
-- ANNEX COLLECTION (Main Library)
-- 0.00
-- 713888
-- CBU-MAIN LIBRARY (Kitwe)
-- 3
-- 14.95
-- NA 204 Pot
-- AVAILABLE
-- 009835
-- Annex Low-Usage Collection
995 ## -
-- ANNEX COLLECTION (Main Library)
-- 0.00
-- 713889
-- CBU-MAIN LIBRARY (Kitwe)
-- 6
-- 14.95
-- NA 204 Pot
-- AVAILABLE
-- 009836
-- Annex Low-Usage Collection
995 ## -
-- TEXTBOOKS (SBE)
-- 0.00
-- 5186
-- CBU-SCHOOL TEXTBOOK COLLECTIONS
-- 1
-- 0.00
-- SCHOOL TEXTBOOK
-- AVAILABLE
-- Sep 1, 2009
-- 5186
-- School Collections
995 ## -
-- MAIN LIBRARY OPEN ACCESS
-- 0.00
-- 710903
-- CBU-MAIN LIBRARY (Kitwe)
-- 5
-- 14.95
-- NA 204 Pot
-- AVAILABLE
-- 009832
-- Main Library Open Access Collection
995 ## -
-- ANNEX COLLECTION (Main Library)
-- 0.00
-- 713886
-- CBU-MAIN LIBRARY (Kitwe)
-- 4
-- 14.95
-- NA 204 Pot
-- AVAILABLE
-- 009837
-- Annex Low-Usage Collection
995 ## -
-- MAIN LIBRARY OPEN ACCESS
-- 0.00
-- 713887
-- CBU-MAIN LIBRARY (Kitwe)
-- 2
-- 14.95
-- NA 204 Pot
-- AVAILABLE
-- 009833
-- Main Library Open Access Collection
995 ## -
-- ANNEX COLLECTION (Main Library)
-- 0.00
-- 710902
-- CBU-MAIN LIBRARY (Kitwe)
-- 1
-- 14.95
-- NA 204 Pot
-- AVAILABLE
-- 009834
-- Annex Low-Usage Collection
999 ## -
-- 84338
-- 84338
Holdings
Withdrawn status Lost status Source of classification or shelving scheme Damaged status Not for loan Permanent Location Current Location Shelving location Date acquired Total Checkouts Full call number Barcode Date last seen Copy number Price effective from Koha item type
          CBU-MAIN LIBRARY, KITWE. CBU-MAIN LIBRARY, KITWE.   01/25/2024   NA 204 Pot 009835 01/25/2024 1 01/25/2024 MONOGRAPH
Withdrawn         CBU-MAIN LIBRARY, KITWE. CBU-MAIN LIBRARY, KITWE.   01/25/2024   NA 204 Pot 009836 01/25/2024 2 01/25/2024 MONOGRAPH
          CBU-MAIN LIBRARY, KITWE. CBU-MAIN LIBRARY, KITWE.   01/25/2024   NA 204 Pot 009832 01/25/2024 4 01/25/2024 MONOGRAPH
          CBU-MAIN LIBRARY, KITWE. CBU-MAIN LIBRARY, KITWE.   01/25/2024   NA 204 Pot 009837 01/25/2024 5 01/25/2024 MONOGRAPH
          CBU-MAIN LIBRARY, KITWE. CBU-MAIN LIBRARY, KITWE.   01/25/2024   NA 204 Pot 009833 01/25/2024 6 01/25/2024 MONOGRAPH
Withdrawn         CBU-MAIN LIBRARY, KITWE. CBU-MAIN LIBRARY, KITWE.   01/25/2024   NA 204 Pot 009834 01/25/2024 7 01/25/2024 MONOGRAPH
          CBU-SCHOOL TEXT BOOK COLLECTION CBU-SCHOOL TEXT BOOK COLLECTION   01/25/2024   SCHOOL TEXTBOOK 5186 01/25/2024 3 01/25/2024 MONOGRAPH